Favorite demonstrations for college science : an NSTA Press journals collection /

Bibliographic Details
Other Authors: Shmaefsky, Brian
Format: Book
Language:English
Published: Arlington, Va. : NSTA Press, [2004]
Subjects:
Online Access:Table of contents

MARC

Tag First Indicator Second Indicator Subfields
LEADER 00000cam a22000004a 4500
001 in00002767021
005 20150922103413.0
008 031215s2004 vaua b 001 0 eng
010 |a  2003027269 
020 |a 0873552423 
020 |a 9780873552424 
035 |a (OCoLC)ocm53970665 
040 |a DLC  |b eng  |c DLC  |d BAKER  |d BTCTA  |d YDXCP  |d UQ1  |d OCLCQ  |d CNMBL  |d TTS  |d UtOrBLW 
042 |a pcc 
049 |a TXAM 
050 0 0 |a Q181  |b .F28 2004 
082 0 0 |a 507/.1/1  |2 22 
245 0 0 |a Favorite demonstrations for college science :  |b an NSTA Press journals collection /  |c Brian R. Shmaefsky, editor. 
246 3 0 |a Favorite demonstrations 
264 1 |a Arlington, Va. :  |b NSTA Press,  |c [2004] 
264 4 |c ©2004 
300 |a xvi, 175 pages :  |b illustrations ;  |c 28 cm. 
336 |a text  |b txt  |2 rdacontent 
337 |a unmediated  |b n  |2 rdamedia 
338 |a volume  |b nc  |2 rdacarrier 
504 |a Includes bibliographical references and index. 
505 0 0 |g Discipline cross-reference guide --  |g Safety guidelines for conducting demonstrations --  |g SciLinks --  |t The rules of research : keeping your favorite demonstrations safe /  |r Brian R. Shmaefsky  |g (December 2002/January 2003) --  |t A bright idea : reinforcing logico-deductive reasoning /  |r Jan Benjamin and Brian R. Shmaefsky  |g (September/October 2003) --  |t Using fluorescent dyes to demonstrate solution-mixing techniques : how to bring sample-preparation skills up to speed /  |r Brian R. Shmaefsky and Mary Jo Smith  |g (December 1993/January 1994) --  |t Seasonal size variations of Martian polar caps : an interdisciplinary approach to planetary studies /  |r D. Blane Baker, Robert Sproles, and Glenn Good  |g (October 2000) --  |t The brine shrimp as a model organism for biology : anthropods useful in demonstrating properties of organisms /  |r Kimberly Boman and Brian R. Shmaefsky  |g (March/April 1997) --  |t Demonstrating an interactive genetic drift exercise : examining the processes of random mating and selection /  |r Ashley J.R. Carter  |g (March/April 2002) --  |t Microbe wars : a demonstration of microbial antagonism--a vivid example of microorganism interaction /  |r Marty Fox  |g (September/October 1997) --  |t Floating spinach disks : an uplifting demonstration of photosynthesis /  |r Marty Fox, John J. Gaynor, and Judith Shillcock  |g (December 1998/January 1999) --  |t Differential weathering : a delicious demonstration /  |r Mark Francek  |g (October 2002) --  |t An interactive, fiery model of genetic complementation : shedding light on a conceptually difficult biological topic /  |r Kathryn Hajek Zuehlke  |g (September/October 1999) --  |t Chemical evolution as a body-language demonstration : a geological timescale using real people /  |r Douglas Hayward  |g (March/April 1993) --  |t Electrophoresis for under five dollars : how to do it, cheap and easy /  |r Vincent J. Lumetta and Michael J. Doktycz  |g (March/April 1994) --  |t Demonstrating the "greenhouse effect" : illustrating variations on an atmospheric phenomenon /  |r David P. Martin  |g (December 1995/January 1996) --  |t Illustrating heterochrony and heterotopy : two developmental patterns in the evolution of organismal form /  |r Terry O'Brien  |g (October 2001) --  |t A vivid demonstration of fall leaf color changes : assessing the environmental factors that affect plant metabolism /  |r Brian R. Shmaefsky, Timothy D. Shmaefsky, and Kathleen M. Shmaefsky  |g (September/October 1998) --  |t An interactive classroom method to demonstrate DNA structure : teaching polymerization by real-life participation /  |r Sharon L. Weldon and Marjorie A. Jones  |g (September/October 1994) -- 
505 8 0 |t Chemistry at work : generating electricity using single displacement reactions /  |r Barbara A. Burke  |g (December 1996/January 1997) --  |t Simple "Jack-in-the-box" demonstrations for physical science courses : five easy demos /  |r Theodor C.H. Cole  |g (November 1993) --  |t An eye-opening demonstration--the catalytic decomposition of hydrogen peroxide : enhancing a chemistry lecture with a common eye-care product /  |r Brendan R. Flynn  |g (December 1994/January 1995) --  |t The ammonia lava lamp : a colorful demonstration of diffusion /  |r Marty Fox, John J. Gaynor, and Judith Shillcock  |g (February 1996) --  |t Stopping a siphon action by reduction of atmospheric pressure : demonstrating physics with a simply constructed apparatus /  |r Robert M. Graham  |g (September/October 1995) --  |t The Remsen demonstration : "nitric acid acts upon copper"--a colorful slice of chemistry's history /  |r Myra Hauben and Geoff Rayner-Canham  |g (March/April 1996) --  |t The Johnson DC electric motor recipe : a new twist to the mystery of the electric motor /  |r Douglas C. Johnson  |g (May 1997) --  |t Sulfuric acid : king of chemicals--history, chemistry, and some demonstrations of H₂SO₄ /  |r George B. Kauffman and Scott D. Pennington  |g (May 1993) --  |t A colorful demonstration of Le Châtelier's Principle : observing the effect of stress on a solution containing iron (III) and thiocyanate ions /  |r Arthur M. Last and Peter W. Slade  |g (November 1997) --  |t From lodestone to neodymium : demonstrating Lenz's Law--an innovative approach to teaching magnetic properties /  |r James H. Larson  |g (November 1994) --  |t Visualizing chemical reactions with the pop-it bead model : modeling the dynamic nature of chemical equilibrium (part one of two parts) /  |r John Luoma and Susan Yochum  |g (March/April 1995) --  |t Demonstrating chemical processes with the transfer-tube model : modeling the dynamic nature of chemical equilibrium (part two of two parts) /  |r John Luoma and Susan Yochum  |g (May 1995) --  |t Does black paint radiate heat better than white paint? : demonstrating differences in emission of infrared radiation /  |r David P. Martin and Randy D. Russell  |g (February 1995) --  |t Demonstrating allotropic modifications of sulfur : re-creating Io's volcanic surface /  |r Jillian L. McCarty and Veljko Dragojlovic  |g (December 2001/January 2002) --  |t Demonstrating a thermodynamics fountain : heating up the classroom with an energy transfer exercise /  |r Miodrag Micic and Roger M. LeBlanc  |g (May 2002) --  |t The conductivity of solutions : laying the foundation of modern chemical thought /  |r Geoff Rayner-Canham  |g (September/October 1993) --  |t La fiesta radioactiva : distinguishing alpha, beta, and gamma emissions from orange-glazed dinnerware /  |r Ruth N. Russo  |g (March/April 1999) --  |t Demonstrating the principles of column chromatography : an easy introduction to a useful analytic technique /  |r Brian R. Shmaefsky, David Barnes, and Chris Martin  |g (November 1995) --  |t The roles of different mobile phases in liquid chromatography : a moving demonstration of chemical interactions /  |r Brian R. Shmaefsky, Timothy D. Shmaefsky, and Kathleen M. Shmaefsky  |g (February 2001) --  |t A limiting reactant demonstration : making a stoichiometric concept visible for beginning students /  |r Janet Z. Tarino  |g (September/October 1996). 
650 0 |a Science  |x Study and teaching (Higher) 
650 0 |a Communication in science. 
650 7 |a Enseignement des sciences.  |2 rasuqam 
650 7 |a Enseignement collégial.  |2 rasuqam 
650 7 |a Communication scientifique.  |2 rasuqam 
650 7 |a Expérience scientifique.  |2 rasuqam 
650 7 |a Expérience de laboratoire.  |2 rasuqam 
650 6 |a Sciences  |x Étude et enseignement (Supérieur) 
650 6 |a Information scientifique. 
700 1 |a Shmaefsky, Brian. 
856 4 1 |3 Table of contents  |u http://catdir.loc.gov/catdir/toc/ecip0412/2003027269.html  |t 0 
948 |a cataloged  |b h  |c 2012/7/6  |d c  |e ceaton  |f 11:05:43 am 
994 |a C0  |b TXA 
999 |a MARS 
999 f f |s 2bea9875-6f03-3abc-a9cb-d9ecdd83cd46  |i eabb62c5-dee5-382b-877b-b1fadc15463c  |t 0 
952 f f |p ric  |a Texas A&M University  |b Rellis Campus  |c Joint Library Facility  |d Remote Storage  |t 0  |e Q181 .F28 2004  |h Library of Congress classification  |i unmediated -- volume  |m A14841431631 
998 f f |a Q181 .F28 2004  |t 0  |l Remote Storage